Modern Database System (Record no. 12436)
[ view plain ]
| 000 -LEADER | |
|---|---|
| fixed length control field | 00190nam a22000977a 4500 |
| 020 ## - INTERNATIONAL STANDARD BOOK NUMBER | |
| ISBN | 9780201590982 |
| 082 ## - DEWEY DECIMAL CLASSIFICATION NUMBER | |
| Classification number | 005.75 |
| 100 ## - MAIN ENTRY--AUTHOR NAME | |
| Personal name | Won Kim |
| 245 ## - TITLE STATEMENT | |
| Title | Modern Database System |
| 942 ## - ADDED ENTRY ELEMENTS (KOHA) | |
| Koha item type | Books |
| Withdrawn status | Lost status | Collection code | Permanent Location | Current Location | Shelving location | Date acquired | Full call number | Accession Number | Koha item type |
|---|---|---|---|---|---|---|---|---|---|
| | | Database Systems | MAJU | MAJU | Shelf No.B19 | 2020-06-18 | 005.75 | 134 | Computer Science |